<?xml version="1.0" encoding="UTF-8"?>
<record
    xmlns:xsi="http://www.w3.org/2001/XMLSchema-instance"
    xsi:schemaLocation="http://www.loc.gov/MARC21/slim http://www.loc.gov/standards/marcxml/schema/MARC21slim.xsd"
    xmlns="http://www.loc.gov/MARC21/slim">

  <leader>01080nam a2200253 a 4500</leader>
  <controlfield tag="001">61154</controlfield>
  <controlfield tag="003">BD-RjUL</controlfield>
  <controlfield tag="005">20211209080928.0</controlfield>
  <controlfield tag="008">170115s2006    bg a|||| |||| 00| 0 ben d</controlfield>
  <datafield tag="020" ind1=" " ind2=" ">
    <subfield code="c">: TK 300.00 </subfield>
  </datafield>
  <datafield tag="035" ind1=" " ind2=" ">
    <subfield code="a">(BD-RjUL) 61278</subfield>
  </datafield>
  <datafield tag="040" ind1=" " ind2=" ">
    <subfield code="a">BD-RjUL</subfield>
    <subfield code="b">ben </subfield>
    <subfield code="c">BD-RjUL</subfield>
  </datafield>
  <datafield tag="041" ind1=" " ind2=" ">
    <subfield code="a">ben</subfield>
  </datafield>
  <datafield tag="082" ind1=" " ind2=" ">
    <subfield code="2">23 </subfield>
    <subfield code="a">339</subfield>
    <subfield code="b">CHS 2006 </subfield>
  </datafield>
  <datafield tag="100" ind1=" " ind2=" ">
    <subfield code="a">&#x99A;&#x995;&#x9CD;&#x9B0;&#x9AC;&#x9B0;&#x9CD;&#x9A4;&#x9C0;, &#x9AE;&#x9A8;&#x9A4;&#x9CB;&#x9B7; </subfield>
    <subfield code="9">171010</subfield>
  </datafield>
  <datafield tag="245" ind1="1" ind2="0">
    <subfield code="a">&#x9B8;&#x9BE;&#x9AE;&#x9B7;&#x9CD;&#x99F;&#x9BF;&#x995; &#x985;&#x9B0;&#x9CD;&#x9A5;&#x9A8;&#x9C0;&#x9A4;&#x9BF; (&#x9AE;&#x9CC;&#x9B2;&#x9BF;&#x995;) = Macroeconomics (Basic) / </subfield>
    <subfield code="c">&#x9AE;&#x9A8;&#x9A4;&#x9CB;&#x9B7; &#x99A;&#x995;&#x9CD;&#x9B0;&#x9AC;&#x9B0;&#x9CD;&#x9A4;&#x9C0; </subfield>
  </datafield>
  <datafield tag="260" ind1=" " ind2=" ">
    <subfield code="a">&#x9A2;&#x9BE;&#x995;&#x9BE; :</subfield>
    <subfield code="b">&#x9AE;&#x9BF;&#x9B8;&#x9C7;&#x9B8;. &#x9A1;&#x9BF;. &#x99A;&#x995;&#x9CD;&#x9B0;&#x9AC;&#x9B0;&#x9CD;&#x9A4;&#x9C0;, </subfield>
    <subfield code="c">&#x9E8;&#x9E6;&#x9E6;&#x9EC; </subfield>
  </datafield>
  <datafield tag="300" ind1=" " ind2=" ">
    <subfield code="a">xx, &#x9EA;&#x9EC;&#x9E9; &#x9AA;&#x9C3;. :</subfield>
    <subfield code="b">&#x99A;&#x9BF;&#x9A4;&#x9CD;&#x9B0; ;</subfield>
    <subfield code="c">&#x9E8;&#x9EB; &#x9B8;&#x9C7;&#x9AE;&#x9BF;. </subfield>
  </datafield>
  <datafield tag="490" ind1=" " ind2=" ">
    <subfield code="a">&#x9AA;&#x9CD;&#x9B0;&#x9BF;&#x9A8;&#x9CD;&#x9B8;&#x9BF;&#x9AA;&#x9B2;&#x9B8; &#x985;&#x9AC; &#x987;&#x995;&#x9A8;&#x9CB;&#x9AE;&#x9BF;&#x995;&#x9CD;&#x9B8; &#x9E8;&#x9E8;&#x9E7;&#x9E8; </subfield>
  </datafield>
  <datafield tag="650" ind1=" " ind2=" ">
    <subfield code="a">&#x9B8;&#x9BE;&#x9AE;&#x9B7;&#x9CD;&#x99F;&#x9BF;&#x995; &#x985;&#x9B0;&#x9CD;&#x9A5;&#x9A8;&#x9C0;&#x9A4;&#x9BF; </subfield>
    <subfield code="9">182468</subfield>
  </datafield>
  <datafield tag="650" ind1=" " ind2=" ">
    <subfield code="a">Macroeconomics </subfield>
    <subfield code="9">172661</subfield>
  </datafield>
  <datafield tag="856" ind1=" " ind2=" ">
    <subfield code="3">&#x9AA;&#x9CD;&#x9B0;&#x9BF;&#x9A8;&#x9CD;&#x9B8;&#x9BF;&#x9AA;&#x9B2;&#x9B8; &#x985;&#x9AC; &#x987;&#x995;&#x9A8;&#x9CB;&#x9AE;&#x9BF;&#x995;&#x9CD;&#x9B8; &#x9E8;&#x9E8;&#x9E7;&#x9E8; </subfield>
  </datafield>
  <datafield tag="942" ind1=" " ind2=" ">
    <subfield code="2">ddc</subfield>
    <subfield code="c">BK</subfield>
  </datafield>
  <datafield tag="999" ind1=" " ind2=" ">
    <subfield code="c">61154</subfield>
    <subfield code="d">61154</subfield>
  </datafield>
  <datafield tag="952" ind1=" " ind2=" ">
    <subfield code="0">0</subfield>
    <subfield code="1">0</subfield>
    <subfield code="2">ddc</subfield>
    <subfield code="4">0</subfield>
    <subfield code="7">1</subfield>
    <subfield code="8">NFIC</subfield>
    <subfield code="a">RUCL</subfield>
    <subfield code="b">RUCL</subfield>
    <subfield code="c">Reading</subfield>
    <subfield code="d">0000-00-00</subfield>
    <subfield code="g">300.00</subfield>
    <subfield code="l">0</subfield>
    <subfield code="o">B 339 CHS 2006</subfield>
    <subfield code="r">2017-01-15 00:00:00</subfield>
    <subfield code="t">C-1</subfield>
    <subfield code="w">2017-01-15</subfield>
    <subfield code="y">BK</subfield>
  </datafield>
</record>
